Futuro comercial de los países en desarrollo /
Gardado en:
| Autor Principal: | |
|---|---|
| Outros autores: | |
| Formato: | Texto |
| Publicado: |
México, D.F:
Fondo de Cultura Económica
|
| Etiquetas: |
Engadir etiqueta
Sen Etiquetas, Sexa o primeiro en etiquetar este rexistro!
|
MARC
| LEADER | 00000 a a2200000 04500 | ||
|---|---|---|---|
| 001 | 22723 | ||
| 003 | |||
| 040 | |||
| 090 | |a 156100 | ||
| 100 | |a Balassa, Bela | ||
| 245 | |a Futuro comercial de los países en desarrollo / |c Bela Balassa | ||
| 260 | |a México, D.F: |b Fondo de Cultura Económica | ||
| 300 | |a 586 p |b **no definido** | ||
| 700 | |a Reyes, Roberto |a trad | ||
| 999 | |c 14167 |d 14167 | ||
